Normal view
MARC view
Entry Personal Name
001 - CONTROL NUMBER
- control field: 652413
003 - CONTROL NUMBER IDENTIFIER
- control field: OSt
005 - DATE AND TIME OF LATEST TRANSACTION
- control field: 20221006144617.0
008 - FIXED-LENGTH DATA ELEMENTS
- fixed length control field: 221006|| aca||aabn | a|a d
040 ## - CATALOGING SOURCE
- Original cataloging agency: OSt
- Transcribing agency: OSt
100 ## - HEADING--PERSONAL NAME
- Personal name: CRESPIGNY Rafe De
670 ## - SOURCE DATA FOUND
- Source citation: Work cat.: (OSt)1080200: CRESPIGNY Rafe De, Biograpgy of sun Chien, 1966
